Normal view
MARC view
Entry Topical Term
001 - CONTROL NUMBER
- control field: 266180
003 - CONTROL NUMBER IDENTIFIER
- control field: OSt
005 - DATE AND TIME OF LATEST TRANSACTION
- control field: 20260702155921.0
008 - FIXED-LENGTH DATA ELEMENTS
- fixed length control field: 260702|| aca||aabn | a|a d
040 ## - CATALOGING SOURCE
- Original cataloging agency: OSt
- Transcribing agency: OSt
150 ## - HEADING--TOPICAL TERM
- Topical term or geographic name entry element: Tulu Biography
670 ## - SOURCE DATA FOUND
- Source citation: Work cat.: (OSt)108540: PRABHAKARA RAI (B E). ಪ್ರಭಾಕರ ರೈ (ಬಿ. ಇ.) 266174, Madappandi nempu: atmakathe, 2003